| 000 | 00479pam a2200169 a 4500 | ||
|---|---|---|---|
| 020 | _a1558609334 | ||
| 040 | _cDLC | ||
| 082 | 0 | 0 | _a004 ELS 2004 C157 Or. |
| 245 | 0 | 4 |
_aThe grid : _bblueprint for a new computing infrastructure / |
| 250 | _a2nd ed | ||
| 260 |
_aAmsterdam ; _aBoston : _bElsevier, _cc2004 |
||
| 300 |
_axxvii, 748 p. : _bill. ; _c24 cm |
||
| 650 | 0 | _aComputational grids (Computer systems) | |
| 700 | 1 | _aFoster, Ian, | |
| 700 | 1 | _aKesselman, Carl | |
| 942 | _cAEDBB | ||
| 999 |
_c18980 _d18980 |
||